| Tag |
First Indicator |
Second Indicator |
Subfields |
| LEADER |
00000cam a2200000Mi 4500 |
| 001 |
in00003575713 |
| 006 |
m o d |
| 007 |
cr mnu---uuaaa |
| 008 |
121227s1987 nyua o 000 0 eng |
| 005 |
20260421182607.2 |
| 020 |
|
|
|a 9781461248101 (electronic bk.)
|
| 020 |
|
|
|a 1461248108 (electronic bk.)
|
| 020 |
|
|
|z 9780387966236
|
| 020 |
|
|
|z 0387966234
|
| 035 |
|
|
|a (OCoLC)852791436
|
| 040 |
|
|
|a AU@
|b eng
|c AU@
|d OCLCO
|d OCLCQ
|d GW5XE
|d OCLCF
|d UtOrBLW
|
| 049 |
|
|
|a TXAM
|
| 050 |
|
4 |
|a RE1-994
|
| 072 |
|
7 |
|a MJQ
|2 bicssc
|
| 072 |
|
7 |
|a MED063000
|2 bisacsh
|
| 082 |
0 |
4 |
|a 617.7
|2 23
|
| 100 |
1 |
|
|a Sadun, Alfredo A.
|
| 245 |
1 |
0 |
|a Optics for Ophthalmologists :
|b a Board-Review Manual /
|c by Alfredo A. Sadun, James D. Brandt.
|
| 264 |
|
1 |
|a New York, NY :
|b Springer New York,
|c 1987.
|
| 300 |
|
|
|a 1 online resource (ix, 104 pages 56 illustrations)
|
| 336 |
|
|
|a text
|b txt
|2 rdacontent
|
| 337 |
|
|
|a computer
|b c
|2 rdamedia
|
| 338 |
|
|
|a online resource
|b cr
|2 rdacarrier
|
| 505 |
0 |
|
|a Principles -- Refraction -- Applications.
|
| 500 |
|
|
|a Electronic resource.
|
| 650 |
|
0 |
|a Medicine.
|
| 650 |
|
0 |
|a Ophthalmology.
|
| 650 |
|
7 |
|a Medicine.
|2 fast
|0 (OCoLC)fst01014893
|
| 650 |
|
7 |
|a Ophthalmology.
|2 fast
|0 (OCoLC)fst01046503
|
| 655 |
|
7 |
|a Electronic books.
|2 local
|
| 700 |
1 |
|
|a Brandt, James D.
|
| 710 |
2 |
|
|a SpringerLink (Online service)
|
| 776 |
1 |
8 |
|i Print version:
|z 9780387966236
|
| 856 |
4 |
0 |
|u http://proxy.library.tamu.edu/login?url=https://link.springer.com/10.1007/978-1-4612-4810-1
|z Connect to the full text of this electronic book
|t 0
|
| 994 |
|
|
|a 92
|b TXA
|
| 999 |
|
|
|a MARS
|
| 999 |
f |
f |
|s d530ed9a-e0a2-3ae9-a673-d369f01abb27
|i 91530fd7-5253-3c37-bb7a-df720aa83696
|t 0
|
| 952 |
f |
f |
|a Texas A&M University
|b College Station
|c Electronic Resources
|s www_evans
|d Available Online
|t 0
|e RE1-994
|h Library of Congress classification
|
| 998 |
f |
f |
|a RE1-994
|t 0
|l Available Online
|